LEADER 01360nam a2200217 i 4500 001 991000151189707536 008 220405s1670 it 000 0 ita d 035 $ab14434969-39ule_inst 040 $aBibl. Dip.le Aggr. Scienze Giuridiche - Sez. Studi Giuridici$bita 100 1 $aSansovino, Francesco$d<1521-1583>$0390651 245 10$aOrigine e fatti delle famiglie illustri d'Italia di M. Francesco Sansovino nella quale ... con i nomi de i piu famosi capitani & generali che siano stati, cosi antichi, come moderni fino all'anno 1600, all'illustrissimo signor, il sig. Gio. Battista van Axel nobile veneto 260 $aIn Venetia :$bpresso Combi & La Nou,$c1670 300 $a(10), 631 p. ;$c22 cm 500 $aIMPRONTA: a-a- o.o iue- roca (3) 1670 (R) 500 $aSegn.: a6 A-2Q8 2R4 907 $a.b14434969$b05-04-22$c05-04-22 912 $a991000151189707536 945 $aLE027 Fondo Grassi SA 008$g1$i2027000346080$lle027$og$pE550.00$q-$rn$so $t0$u0$v0$w0$x0$y.i16005946$z05-04-22 996 $aOrigine e fatti delle famiglie illustri d'Italia di M. Francesco Sansovino nella quale ... con i nomi de i piu famosi capitani & generali che siano stati, cosi antichi, come moderni fino all'anno 1600, all'illustrissimo signor, il sig. Gio. Battista van Axel nobile veneto$92806960 997 $aUNISALENTO 998 $ale027$b05-04-22$cm$da $e-$fita$git $h0$i0